Footballeurs en A (par images). - Statistiques

Statistiques générales
  • Ce quiz a été pris 944 fois
    809 depuis la dernière actualisation
  • Le résultat moyen est 15 sur 20
Statistiques - réponses
Par images Réponse % Correct
Sergio Agüero
97%
Dani Alves
96%
Pierre-Emerick Aubameyang
96%
David Alaba
95%
Alphonse Areola
94%
Trent Alexander-Arnold
94%
Xabi Alonso
92%
Jordi Alba
90%
Éric Abidal
85%
Dele Alli
84%
Nicolas Anelka
78%
César Azpilicueta
74%
Adriano
69%
Mikel Arteta
68%
Tammy Abraham
68%
Andreï Archavine
46%
Toby Alderweireld
46%
Emmanuel Adebayor
40%
Sonny Anderson
39%
Manuel Amoros
13%
Aucun quiz correspondant
Distribution des résultats
% des personnes avec chaque résultat
Percentile par nombre de réponses
Votre historique - résultats
Vous n’avez pas pris ce quiz depuis la dernière actualisation